Tarahumarovia: Behať alebo zomrieť

Polonomádska kultúra Tarahumarov, obývajúca Sierru Tarahumara v Mexiku, v posledných desaťročiach čelí stále častejším problémom uživiť sa tradičným poľnohospodárskym spôsobom a nie je schopná tento problém bez cudzej pomoci zvládnuť, čo núti túto výnimočnú pôvodnú kultúru opustiť svoj tradičný spôs...

Descripción completa

Guardado en:
Detalles Bibliográficos
Autor principal: Maarová, Iveta
Formato: Capítulo de libro
Lenguaje:eslovaco
Materias:
Etiquetas: Agregar Etiqueta
Sin Etiquetas, Sea el primero en etiquetar este registro!

MARC

LEADER 00000nla a2200000 4500
001 0234928
005 20240502073815.6
041 0 |a slo 
044 |a SK 
245 1 0 |a Tarahumarovia: Behať alebo zomrieť  |c Iveta Maarová 
520 |a Polonomádska kultúra Tarahumarov, obývajúca Sierru Tarahumara v Mexiku, v posledných desaťročiach čelí stále častejším problémom uživiť sa tradičným poľnohospodárskym spôsobom a nie je schopná tento problém bez cudzej pomoci zvládnuť, čo núti túto výnimočnú pôvodnú kultúru opustiť svoj tradičný spôsob života, ktorý sa im darilo takmer dvetisíc rokov chrániť pred civilizačným tlakom. 
610 2 0 |a spoločnosť 
610 2 0 |a kultúra 
610 2 0 |a obyvateľstvo 
610 2 0 |a poľnohospodárstvo 
610 2 0 |a chudoba 
610 2 0 |a hlad 
610 2 0 |a Mexiko 
100 1 |a Maarová, Iveta